| 000 | 00670nam a22002177a 4500 | ||
|---|---|---|---|
| 003 | OSt | ||
| 005 | 20260120041010.0 | ||
| 008 | 260120b |||||||| |||| 00| 0 eng d | ||
| 020 | _a971-581-142-6. | ||
| 040 |
_aDWCL-Main lib _cOC |
||
| 082 | _aFil. 641.5 C773 2005 | ||
| 100 | _aTañalas, Lucile B. | ||
| 245 |
_aCooking smart : _bhealthy recipes with nutritional information _cTañalas, Lucile B. |
||
| 260 |
_aManila : _bPhilippine Publishing House, _cc2005. |
||
| 300 |
_a238 pages : _bcolored illustration ; _c28 cm. |
||
| 650 | _21. Cooking. | ||
| 650 | _22. Food. | ||
| 650 | _23. Nutrition. | ||
| 700 | _aRilloma, Nestor C. | ||
| 942 |
_2ddc _cBK-FIL _kFil. _n0 |
||
| 999 |
_c7579 _d7579 |
||